Statistics for Countries with the Most Cultivated Land

Click here to take the quiz!

General Stats

  • This quiz has been taken 8,751 times
    (8,715 since last reset)
  • The average score is 16 of 20

Answer Stats

km2 % Country % Correct
1,681,82617.1United States
99%
1,238,01312.9China
99%
1,265,2677.4Russia
98%
800,4859.4Brazil
97%
1,891,76157.0India
97%
519,2055.2Canada
96%
259,301 13.2Mexico
93%
397,59814.3Argentina
93%
487,6956.3Australia
92%
226,61735.2France
87%
478,05525.1Indonesia
84%
227,68628.7 Pakistan
78%
347,67357.6Ukraine
75%
240,55330.7Turkey
72%
197,79412.0Iran
72%
203,18839.6Thailand
70%
242,5168.9Kazakhstan
66%
412,93844.7Nigeria
62%
180,00116.3Ethiopia
48%
296,289 15.9Sudan
40%

Score Distribution

Percentile by Number Answered

Percent of People with Each Score

Your Score History

You have not taken this quiz since the last reset